Southland : (Record no. 15610)

000 -LEADER
fixed length control field 02152cam a2200253Ia 4500
020 ## - INTERNATIONAL STANDARD BOOK NUMBER
ISBN 9251050694
040 ## - CATALOGING SOURCE
Transcribing agency FQG
082 ## - DEWEY DECIMAL CLASSIFICATION NUMBER
Classification number 338 FOO 2003 A077 Or.
245 00 - TITLE STATEMENT
Title Southland :
Remainder of title a case study-based training exercise in policy analysis for the agricultural and rural sector
260 ## - PUBLICATION, DISTRIBUTION, ETC. (IMPRINT)
Place of publication Rome :
Name of publisher Food and Agriculture Organization of the United Nations,
Year of publication 2003
300 ## - PHYSICAL DESCRIPTION
Number of Pages vi, 112 p. ;
Dimensions 30 cm. +
Accompanying material 1 computer laser optical disc (4 3/4 in.)
500 ## - GENERAL NOTE
General note Preliminary versions authored by Jonathan Kydd. Updated and finalized by Materne Maetz and edited by Julia Heath
500 ## - GENERAL NOTE
General note The accompanying CD-ROM, located in back pocket, contains the full text of the "Southland case study" in HTML and PDF formats, as well as a series of Excel data files that can be used for conducting quantitative analysis of selected statistics of the imaginary country
520 ## - SUMMARY, ETC.
Summary, etc The "Southland case study" is designed for a group of participants in a course on agricultural policy to mobilize their knowledge and skills on a fictitious country simulating many of the problems faced by developing countries. Based on realistic information on the country, presented in a set of documents collected from various sources and on a set of statistical tables, participants are asked to prepare a note outlining the key policy and institutional issues faced by the country and make proposals on how they can be addressed. This case study, developed in the early 1990s, has evolved as the history of the fictitious "Southland" unfolded, following patterns similar to those of many developing countries. It has been successfully used on many occasions and in different locations. The material presented includes notes to participants and trainers, background information, studies, historical information, and a glossary of economic and institutional terminology
650 #0 - SUBJECT ADDED ENTRY--TOPICAL TERM
Topical Term Agriculture and state
650 #0 - SUBJECT ADDED ENTRY--TOPICAL TERM
Topical Term Agriculture and state
650 #0 - SUBJECT ADDED ENTRY--TOPICAL TERM
Topical Term Farm management
650 #0 - SUBJECT ADDED ENTRY--TOPICAL TERM
Topical Term Rural poor
700 1# - ADDED ENTRY--PERSONAL NAME
Personal name Kydd, Jonathan
700 1# - ADDED ENTRY--PERSONAL NAME
Personal name Maetz, Materne
700 1# - ADDED ENTRY--PERSONAL NAME
Personal name Heath, Julia
710 2# - ADDED ENTRY--CORPORATE NAME
Corporate name or jurisdiction name as entry element Food and Agriculture Organization of the United Nations
942 ## - ADDED ENTRY ELEMENTS (KOHA)
Koha item type សៀវភៅភាសាអង់គ្លេស
952 ## - LOCATION AND ITEM INFORMATION (KOHA)
Withdrawn status [LOCAL, KOHA] 0
Holdings
Permanent Location Date acquired Koha item type Lost status Shelving location Barcode Current Location Full call number
Library Block A2017-12-04សៀវភៅភាសាអង់គ្លេស A077A27855Library Block A338 FOO 2003 A077 Or.
មជ្ឈមណ្ឌលឯការនៃសាកលវិទ្យាល័យភូមិន្ទកសិកម្មចំការដូង

Powered by Koha